<?xml version="1.0" encoding="UTF-8"?><collection xmlns="info:lc/xmlns/marcxchange-v2"><record format="Unimarc" type="bibliographic"><leader>00527nam  2200181   450 </leader><controlfield tag="001">2225959</controlfield><controlfield tag="003">http://id.bnportugal.gov.pt/bib/porbase/2225959</controlfield><controlfield tag="005">20090519111307.0</controlfield><datafield ind1=" " ind2=" " tag="010"><subfield code="a">978-0-19-280590-4</subfield></datafield><datafield ind1=" " ind2=" " tag="035"><subfield code="a">CMELV_176.iso/23-11-2009/24195</subfield></datafield><datafield ind1=" " ind2=" " tag="100"><subfield code="a">20080204d2007    k  y0pory0103    ba</subfield></datafield><datafield ind1="0" ind2=" " tag="101"><subfield code="a">eng</subfield></datafield><datafield ind1=" " ind2=" " tag="102"><subfield code="a">GB</subfield></datafield><datafield ind1="1" ind2=" " tag="200"><subfield code="a">Racism</subfield><subfield code="e">&lt;a &gt;very short introduction</subfield><subfield code="f">Ali Rattansi</subfield></datafield><datafield ind1=" " ind2=" " tag="210"><subfield code="a">New York</subfield><subfield code="c">Oxford Press</subfield><subfield code="d">cop. 2007</subfield></datafield><datafield ind1=" " ind2=" " tag="215"><subfield code="a">194, [2] p.</subfield><subfield code="d">18 cm</subfield></datafield><datafield ind1=" " ind2=" " tag="675"><subfield code="a">316.6</subfield><subfield code="v">BN</subfield><subfield code="z">por</subfield></datafield><datafield ind1=" " ind2="1" tag="700"><subfield code="a">Rattansi</subfield><subfield code="b">Ali</subfield></datafield><datafield ind1=" " ind2="0" tag="801"><subfield code="a">PT</subfield><subfield code="b">CMELV</subfield><subfield code="g">RPC</subfield></datafield></record></collection>